<?xml version="1.0" encoding="UTF-8"?>
<collection xmlns="http://www.loc.gov/MARC21/slim">
 <record>
  <leader>03672nam a2200361 a 4500</leader>
  <controlfield tag="001">kal2890</controlfield>
  <controlfield tag="003">Gr-AtHEAL</controlfield>
  <controlfield tag="005">20160425120807.0</controlfield>
  <controlfield tag="006">m        d        </controlfield>
  <controlfield tag="008">160413s2015    gr      s           gre|c</controlfield>
  <datafield tag="020" ind1=" " ind2=" ">
   <subfield code="a">9789606034039</subfield>
  </datafield>
  <datafield tag="040" ind1=" " ind2=" ">
   <subfield code="a">GR-AtHEAL</subfield>
   <subfield code="b">gre</subfield>
   <subfield code="c">GR-AtHEAL</subfield>
  </datafield>
  <datafield tag="082" ind1="0" ind2="4">
   <subfield code="a">515</subfield>
   <subfield code="2">23</subfield>
  </datafield>
  <datafield tag="100" ind1="1" ind2=" ">
   <subfield code="a">Παπαδημητράκης, Μιχαήλ.</subfield>
   <subfield code="8">1149</subfield>
  </datafield>
  <datafield tag="245" ind1="1" ind2="0">
   <subfield code="a">Ανάλυση</subfield>
   <subfield code="h">[Ηλεκτρονικός πόρος] </subfield>
   <subfield code="b">Πραγματικές συναρτήσεις και μετρικοί χώροι</subfield>
   <subfield code="c">Παπαδημητράκης, Μιχαήλ ; Κριτικός αναγνώστης,Σαραντόπουλος, Ιωάννης.</subfield>
  </datafield>
  <datafield tag="260" ind1=" " ind2=" ">
   <subfield code="a">Αθήνα :</subfield>
   <subfield code="b">Σύνδεσμος Ελληνικών Ακαδημαϊκών Βιβλιοθηκών,</subfield>
   <subfield code="c">c2015.</subfield>
  </datafield>
  <datafield tag="490" ind1=" " ind2=" ">
   <subfield code="a">Ακαδημαϊκά Ηλεκτρονικά Συγγράμματα και Βοηθήματα Κάλλιπος</subfield>
   <subfield code="8">40</subfield>
  </datafield>
  <datafield tag="520" ind1=" " ind2=" ">
   <subfield code="a">ΤΟ ΚΛΑΣΣΙΚΟ ΠΕΡΙΕΧΟΜΕΝΟ ΤΟΥ ΑΠΕΙΡΟΣΤΙΚΟΥ ΛΟΓΙΣΜΟΥ (ΚΥΡΙΩΣ ΣΥΝΑΡΤΗΣΕΩΝ ΜΙΑΣ ΜΕΤΑΒΛΗΤΉΣ) ΜΕ ΑΥΣΤΗΡΗ ΘΕΜΕΛΙΩΣΗ ΚΑΙ ΕΜΦΑΣΗ ΣΤΙΣ ΘΕΩΡΗΤΙΚΕΣ ΑΠΟΔΕΙΞΕΙΣ ΤΩΝ ΘΕΩΡΗΜΑΤΩΝ.Η ΙΔΙΟΤΗΤΑ SUPREMUM. ΥΠΑΡΞΗ ΡΙΖΩΝ. ΑΥΣΤΗΡΟΣ ΟΡΙΣΜΟΣ ΔΥΝΑΜΕΩΝ ΜΕ ΡΗΤΟΥΣ ΚΑΙ ΑΡΡΗΤΟΥΣ ΕΚΘΕΤΕΣ ΚΑΙ ΛΟΓΑΡΙΘΜΩΝ.ΑΚΟΛΟΥΘΙΕΣ (ΜΟΝΟΤΟΝΕΣ, CAUCHY, ΘΕΩΡΗΜΑ BOLZANO-WEIERSTRASS, LIMSUP-LIMINF).ΟΡΙΑ ΣΥΝΑΡΤΗΣΕΩΝ (ΜΟΝΟΤΟΝΙΑ, ΚΡΙΤΗΡΙΟ CAUCHY). ΣΥΝΕΧΕΙΑ ΣΥΝΑΡΤΗΣΗΣ. ΤΑ ΒΑΣΙΚΑ ΘΕΩΡΗΜΑΤΑ. ΣΥΝΕΧΕΙΑ ΑΝΤΙΣΤΡΟΦΗΣ ΣΥΝΑΡΤΗΣΗΣ. ΟΜΟΙΟΜΟΡΦΗ ΣΥΝΕΧΕΙΑ.ΠΑΡΑΓΩΓΟΣ. ΤΑ ΒΑΣΙΚΑ ΘΕΩΡΗΜΑΤΑ. ΜΟΝΟΤΟΝΙΑ. ΚΥΡΤΟΤΗΤΑ. ΑΠΡΟΣΔΙΟΡΙΣΤΕΣ ΜΟΡΦΕΣ. TAYLOR.ΟΛΟΚΛΗΡΩΜΑ. ΜΕΘΟΔΟΙ DARBOUX ΚΑΙ RIEMANN. ΙΔΙΟΤΗΤΕΣ.ΣΧΕΣΗ ΠΑΡΑΓΩΓΟΥ ΚΑΙ ΟΛΟΚΛΗΡΩΜΑΤΟΣ. ΥΠΟΛΟΓΙΣΜΟΣ ΟΛΟΚΛΗΡΩΜΑΤΩΝ.ΣΕΙΡΕΣ ΑΡΙΘΜΩΝ. ΚΡΙΤΗΡΙΑ ΣΥΓΚΛΙΣΗΣ.ΑΚΟΛΟΥΘΙΕΣ ΣΥΝΑΡΤΗΣΕΩΝ. ΟΜΟΙΟΜΟΡΦΗ ΣΥΓΚΛΙΣΗ. ΘΕΩΡΗΜΑ WEIERSTRASS.ΣΕΙΡΕΣ ΣΥΝΑΡΤΗΣΕΩΝ. ΟΜΟΙΟΜΟΡΦΗ ΣΥΓΚΛΙΣΗ. ΚΡΙΤΗΡΙΑ ΣΥΓΚΛΙΣΗΣ. ΔΥΝΑΜΟΣΕΙΡΕΣ. ΤΡΙΓΩΝΟΜΕΤΡΙΚΕΣ ΣΥΝΑΡΤΗΣΕΙΣ.ΜΕΤΡΙΚΟΙ ΧΩΡΟΙ. ΠΛΗΡΟΤΗΤΑ. ΣΥΜΠΑΓΕΙΑ. ΣΥΝΕΚΤΙΚΟΤΗΤΑ.ΓΕΝΙΚΕΥΜΕΝΑ ΟΛΟΚΛΗΡΩΜΑΤΑ. ΚΡΙΤΗΡΙΑ ΣΥΓΚΛΙΣΗΣ. ΟΛΟΚΛΗΡΩΜΑΤΑ ΜΕ ΠΑΡΑΜΕΤΡΟ. ΑΞΙΩΜΑΤΙΚΗ ΘΕΜΕΛΙΩΣΗ. ΤΟΜΕΣ DEDEKIND.</subfield>
  </datafield>
  <datafield tag="650" ind1=" " ind2="0">
   <subfield code="a">Mathematical analysis </subfield>
   <subfield code="8">2415</subfield>
  </datafield>
  <datafield tag="653" ind1=" " ind2=" ">
   <subfield code="a">Σειρά</subfield>
  </datafield>
  <datafield tag="653" ind1=" " ind2=" ">
   <subfield code="a">Μετρικός χώρος</subfield>
  </datafield>
  <datafield tag="653" ind1=" " ind2=" ">
   <subfield code="a">Ακολουθία</subfield>
  </datafield>
  <datafield tag="653" ind1=" " ind2=" ">
   <subfield code="a">Παράγωγος</subfield>
  </datafield>
  <datafield tag="653" ind1=" " ind2=" ">
   <subfield code="a">Ολοκλήρωμα</subfield>
  </datafield>
  <datafield tag="653" ind1=" " ind2=" ">
   <subfield code="a">Συνέχεια</subfield>
  </datafield>
  <datafield tag="653" ind1=" " ind2=" ">
   <subfield code="a">Όριο</subfield>
  </datafield>
  <datafield tag="653" ind1=" " ind2=" ">
   <subfield code="a">Μαθηματικά</subfield>
   <subfield code="a">Πραγματικές συναρτήσεις</subfield>
  </datafield>
  <datafield tag="700" ind1="1" ind2=" ">
   <subfield code="a">Σαραντόπουλος, Ιωάννης</subfield>
   <subfield code="e">Κριτικός αναγνώστης</subfield>
   <subfield code="8">1150</subfield>
  </datafield>
  <datafield tag="856" ind1="4" ind2="0">
   <subfield code="u">http://hdl.handle.net/11419/2890</subfield>
   <subfield code="z">Πλήρες Κείμενο - Full text</subfield>
  </datafield>
  <datafield tag="907" ind1=" " ind2=" ">
   <subfield code="a">.b25679430</subfield>
   <subfield code="b">12-06-18</subfield>
   <subfield code="c">29-07-16</subfield>
  </datafield>
  <datafield tag="949" ind1=" " ind2=" ">
   <subfield code="0">0</subfield>
   <subfield code="1">0</subfield>
   <subfield code="2">ddc</subfield>
   <subfield code="4">0</subfield>
   <subfield code="6">515_000000000000000_ΠΑΠ</subfield>
   <subfield code="7">0</subfield>
   <subfield code="8">KALL</subfield>
   <subfield code="8">702</subfield>
   <subfield code="d">2016-04-13</subfield>
   <subfield code="r">2016-04-13</subfield>
   <subfield code="w">2016-04-13</subfield>
   <subfield code="z">515 ΠΑΠ</subfield>
   <subfield code="o">SEAB KALLIPOS</subfield>
  </datafield>
  <datafield tag="998" ind1=" " ind2=" ">
   <subfield code="a">80</subfield>
   <subfield code="a">01</subfield>
   <subfield code="a">02</subfield>
   <subfield code="a">03</subfield>
   <subfield code="a">04</subfield>
   <subfield code="a">05</subfield>
   <subfield code="a">06</subfield>
   <subfield code="a">07</subfield>
   <subfield code="a">08</subfield>
   <subfield code="a">09</subfield>
   <subfield code="a">10</subfield>
   <subfield code="a">11</subfield>
   <subfield code="a">12</subfield>
   <subfield code="a">13</subfield>
   <subfield code="a">14</subfield>
   <subfield code="a">15</subfield>
   <subfield code="a">16</subfield>
   <subfield code="a">17</subfield>
   <subfield code="a">18</subfield>
   <subfield code="a">19</subfield>
   <subfield code="a">20</subfield>
   <subfield code="a">21</subfield>
   <subfield code="a">22</subfield>
   <subfield code="a">23</subfield>
   <subfield code="a">24</subfield>
   <subfield code="a">25</subfield>
   <subfield code="a">26</subfield>
   <subfield code="b">16-05-17</subfield>
   <subfield code="c">m</subfield>
   <subfield code="d">z  </subfield>
   <subfield code="e">-</subfield>
   <subfield code="f">gre</subfield>
   <subfield code="g">gr </subfield>
   <subfield code="h">0</subfield>
  </datafield>
  <datafield tag="942" ind1=" " ind2=" ">
   <subfield code="2">ddc</subfield>
   <subfield code="c">KALLIPOS</subfield>
  </datafield>
 </record>
</collection>
